|
|
|
|
| LEADER |
01504nam a2200421Ia 4500 |
| 001 |
EBC647769 |
| 003 |
MiAaPQ |
| 005 |
20200520144314.0 |
| 006 |
m o d | |
| 007 |
cr cn||||||||| |
| 008 |
100805s2010 enka sb 001 0 eng d |
| 020 |
|
|
|z 1849509786 (hbk.)
|
| 020 |
|
|
|z 9781849509787 (hbk.)
|
| 020 |
|
|
|a 1849509794 (electronic bk.)
|
| 020 |
|
|
|a 9781849509794 (electronic bk.)
|
| 035 |
|
|
|a (MiAaPQ)EBC647769
|
| 035 |
|
|
|a (Au-PeEL)EBL647769
|
| 035 |
|
|
|a (CaPaEBR)ebr10440326
|
| 035 |
|
|
|a (CaONFJC)MIL296416
|
| 035 |
|
|
|a (OCoLC)694511490
|
| 040 |
|
|
|a MiAaPQ
|c MiAaPQ
|d MiAaPQ
|
| 050 |
|
4 |
|a QA76.76.I59
|b E97 2010
|
| 082 |
0 |
4 |
|a 025.84
|2 22
|
| 245 |
0 |
0 |
|a Exploring the digital frontier
|h [electronic resource] /
|c Anne Woodsworth.
|
| 260 |
|
|
|a Bingley, UK :
|b Emerald,
|c 2010.
|
| 300 |
|
|
|a xiv, 217 p. :
|b ill.
|
| 490 |
1 |
|
|a Advances in librarianship ;
|v vol. 32
|
| 504 |
|
|
|a Includes bibliographical references and index.
|
| 533 |
|
|
|a Electronic reproduction. Ann Arbor, MI : ProQuest, 2015. Available via World Wide Web. Access may be limited to ProQuest affiliated libraries.
|
| 650 |
|
0 |
|a Digital media.
|
| 650 |
|
0 |
|a Digital preservation.
|
| 650 |
|
0 |
|a Library materials
|x Digitization.
|
| 650 |
|
0 |
|a Library science.
|
| 655 |
|
4 |
|a Electronic books.
|
| 700 |
1 |
|
|a Woodsworth, Anne.
|
| 710 |
2 |
|
|a ProQuest (Firm)
|
| 830 |
|
0 |
|a Advances in librarianship ;
|v v. 32.
|
| 856 |
4 |
0 |
|u https://ebookcentral.proquest.com/lib/matrademy/detail.action?docID=647769
|z Click to View
|